<?xml version="1.0" encoding="UTF-8"?>
<record
    xmlns:xsi="http://www.w3.org/2001/XMLSchema-instance"
    xsi:schemaLocation="http://www.loc.gov/MARC21/slim http://www.loc.gov/standards/marcxml/schema/MARC21slim.xsd"
    xmlns="http://www.loc.gov/MARC21/slim">

  <leader>00627nam a2200157Ia 4500</leader>
  <controlfield tag="008">100122s9999    xx            000 0 und d</controlfield>
  <datafield tag="082" ind1=" " ind2=" ">
    <subfield code="b">77074</subfield>
    <subfield code="a">926.1</subfield>
  </datafield>
  <datafield tag="100" ind1=" " ind2=" ">
    <subfield code="a">&#x917;&#x935;&#x93E;&#x923;&#x915;&#x930; &#x935;&#x940;&#x923;&#x93E;</subfield>
  </datafield>
  <datafield tag="245" ind1=" " ind2=" ">
    <subfield code="a">&#x930;&#x94B;&#x91D;&#x932;&#x93F;&#x902;&#x921; &#x92B;&#x94D;&#x930;&#x901;&#x915;&#x932;&#x940;&#x928;- &#x926; &#x921;&#x93E;&#x930;&#x94D;&#x915; &#x932;&#x947;&#x921;&#x940; &#x911;&#x92B; &#x921;&#x940;&#x90F;&#x928;&#x90F;</subfield>
  </datafield>
  <datafield tag="250" ind1=" " ind2=" ">
    <subfield code="a">1</subfield>
  </datafield>
  <datafield tag="260" ind1=" " ind2=" ">
    <subfield code="c">2009</subfield>
  </datafield>
  <datafield tag="300" ind1=" " ind2=" ">
    <subfield code="a">143</subfield>
  </datafield>
  <datafield tag="630" ind1=" " ind2=" ">
    <subfield code="a">&#x930;&#x94B;&#x91D;&#x932;&#x93F;&#x902;&#x921; &#x92B;&#x94D;&#x930;&#x901;&#x915;&#x932;&#x940;&#x928;- &#x926; &#x921;&#x93E;&#x930;&#x94D;&#x915; &#x932;&#x947;&#x921;&#x940; &#x911;&#x92B; &#x921;&#x940;&#x90F;&#x928;&#x90F;</subfield>
  </datafield>
  <datafield tag="730" ind1=" " ind2=" ">
    <subfield code="a">&#x930;&#x94B;&#x91D;&#x932;&#x93F;&#x902;&#x921; &#x92B;&#x94D;&#x930;&#x901;&#x915;&#x932;&#x940;&#x928;- &#x926; &#x921;&#x93E;&#x930;&#x94D;&#x915; &#x932;&#x947;&#x921;&#x940; &#x911;&#x92B; &#x921;&#x940;&#x90F;&#x928;&#x90F;</subfield>
  </datafield>
  <datafield tag="942" ind1=" " ind2=" ">
    <subfield code="c">BOOK</subfield>
  </datafield>
  <datafield tag="999" ind1=" " ind2=" ">
    <subfield code="c">394029</subfield>
    <subfield code="d">394026</subfield>
  </datafield>
</record>
